| 000 | 00356nam a22001217a 4500 | ||
|---|---|---|---|
| 020 | _a139780735622449 | ||
| 082 |
_222 _a005.2 |
||
| 100 | _aJones, Don and Hicks, Jeffery, | ||
| 245 | _aAdvanced VBSCRIPT for microsoft windows administrators / | ||
| 260 |
_aWashington, _bMicrosoft Press, _cc2006. |
||
| 300 |
_axvii, 536 p. ; _bill. ; _c23 cm. |
||
| 942 |
_2ddc _cIT |
||
| 999 |
_c2877 _d2877 |
||